|
|
|
|
| LEADER |
01060nta a2200229 i 4500 |
| 001 |
dokt9985 |
| 005 |
20200703095002.0 |
| 008 |
181112s2018 hu om 0|| eng d |
| 024 |
7 |
|
|a 10.14232/phd.9985
|2 doi
|
| 024 |
7 |
|
|a 30322158
|2 mtmt
|
| 040 |
|
|
|a SZTE Doktori Repozitórium
|b hun
|
| 041 |
|
|
|a eng
|
| 100 |
1 |
|
|a Tongori Ágota
|
| 245 |
1 |
0 |
|a Measuring ICT literacy among grade 5-11 students
|h [elektronikus dokumentum] :
|b Confidence in accessing information /
|c Tongori Ágota
|
| 246 |
1 |
0 |
|a 5-11 évfolyamos tanulók IKT műveltségének mérése: az információhoz való hozzáférés magabiztossága
|h [elektronikus dokumentum]
|
| 260 |
|
|
|c 2018-11-21
|
| 502 |
|
|
|a Disszertacio
|
| 650 |
|
4 |
|a neveléstudományok
|
| 700 |
1 |
|
|a Molnár Gyöngyvér
|e ths
|
| 856 |
4 |
0 |
|u https://doktori.bibl.u-szeged.hu/id/eprint/9985/1/Phd_dissertation.pdf
|z Dokumentum-elérés
|
| 856 |
4 |
0 |
|u https://doktori.bibl.u-szeged.hu/id/eprint/9985/2/PhD_Summary.pdf
|z Dokumentum-elérés
|
| 856 |
4 |
0 |
|u https://doktori.bibl.u-szeged.hu/id/eprint/9985/3/Te%CC%81zis_magyar.pdf
|z Dokumentum-elérés
|